[Event "4NCL Division 2b"]
[Site "Hinckley Island ENG"]
[Date "2013.11.16"]
[Round "1.87"]
[White "Purdon, Colin"]
[Black "Whatley, Stephen AJ (jnr)"]
[Result "1/2-1/2"]
[WhiteElo "2136"]
[BlackElo "1843"]
[PlyCount "76"]
[EventDate "2013.11.16"]
[WhiteTeam "BCM Dragons (1)"]
[BlackTeam "Brown Jack"]

1. d4 Nf6 2. c4 c5 3. d5 b5 4. Nf3 g6 5. cxb5 a6 6. b6 d6 7. Nc3 Nbd7 8. e4 Bg7
9. a4 Qxb6 10. a5 Qc7 11. Be2 O-O 12. O-O Rb8 13. Nd2 Rb4 14. Nc4 Qb8 15. Ra2
Ng4 16. Bxg4 Rxc4 17. Qe2 Rb4 18. Bxd7 Bxd7 19. Qxa6 Bb5 20. Nxb5 Rxb5 21. Qc6
Rc8 22. Qd7 Rc7 23. Qg4 Bxb2 24. Qe2 Bxc1 25. Rxc1 Ra7 26. Qd2 Rb4 27. Qd3 Qc7
28. a6 c4 29. Qd4 Rb5 30. h3 Rc5 31. Qc3 Qc8 32. Ra4 Rxa6 33. Rxc4 Raa5 34.
Qxa5 Rxc4 35. Rxc4 Qxc4 36. Qd8+ Kg7 37. Qxe7 Qc1+ 38. Kh2 Qf4+ 1/2-1/2

[Event "4NCL Division 2b"]
[Site "Hinckley Island ENG"]
[Date "2013.11.16"]
[Round "1.88"]
[White "McLaren, Charlie"]
[Black "Claridge-Hansen, William"]
[Result "0-1"]
[WhiteElo "1738"]
[BlackElo "1888"]
[PlyCount "136"]
[EventDate "2013.11.16"]
[WhiteTeam "Brown Jack"]
[BlackTeam "BCM Dragons (1)"]

1. d4 Nf6 2. Nf3 g6 3. g3 Bg7 4. Bg2 O-O 5. O-O c5 6. c4 cxd4 7. Nxd4 Nc6 8.
Nc3 Nxd4 9. Qxd4 d6 10. e4 Nd7 11. Qd2 Nc5 12. b4 Na4 13. Nxa4 Bxa1 14. Nb2 Be6
15. Qc3 f6 16. Bh6 Bxb2 17. Qxb2 Bxc4 18. Rc1 Be6 19. h4 Rc8 20. Rd1 Qc7 21.
Rc1 Qd7 22. Bxf8 Kxf8 23. Rxc8+ Qxc8 24. a3 b6 25. Qd2 Qc4 26. Qe3 Kg7 27. Bf1
Qc6 28. Bg2 Qc2 29. Qe1 Bb3 30. Qa1 Ba4 31. f3 Qd2 32. Kh1 Bb5 33. a4 Be2 34.
Qa3 Qe1+ 35. Kh2 Qf2 36. Qb2 Qe3 37. f4 Bd1 38. a5 Kf8 39. axb6 Qxb6 40. Qc3
Bg4 41. Qc4 Qf2 42. Qc3 Kg7 43. Qa3 Qd4 44. Qa5 Be6 45. Qb5 Qb6 46. Qxb6 axb6
47. Kg1 Bc4 48. Kf2 e5 49. Ke3 Kf7 50. Kd2 Bb5 51. Bf3 Ke7 52. h5 Bc6 53. hxg6
hxg6 54. Ke3 f5 55. g4 Bxe4 56. Bxe4 fxe4 57. Kxe4 exf4 58. Kxf4 Ke6 59. b5 d5
60. Kf3 Kd6 61. Kf4 Kc5 62. Ke5 d4 63. Ke4 Kc4 64. Kf3 Kc3 65. Ke2 Kc2 66. g5
d3+ 67. Ke3 d2 68. Ke4 d1=Q 0-1